00000000nas 2200000zi 4500
0019.909976
003CaOODSP
00520241129145058
006m     o  d f      
007cr cn|||||||||
008220407c20219999oncar p o    f0###a0eng|d
022 |a2816-5128
040 |aCaOODSP|beng|erda|cCaOODSP
043 |an-cn-bc
0861 |aFs74-70E-PDF
222 0|aCanadian sailing directions. PAC 205, Inner Passage, Queen Charlotte Sound to Chatham Sound
24500|aCanadian sailing directions. |nPAC 205, |pInner Passage, Queen Charlotte Sound to Chatham Sound.
24630|aInner Passage, Queen Charlotte Sound to Chatham Sound
264 1|aOttawa, Ontario, Canada : |bCanadian Hydrographic Service, Fisheries and Oceans Canada = Service hydrographique du Canada, Pêches et océans Canada, |c[2022]-
310 |aAnnual
336 |atext|btxt|2rdacontent
337 |acomputer|bc|2rdamedia
338 |aonline resource|bcr|2rdacarrier
3621 |aBegan with: 12/2021.
588 |aDescription based on: 12/2021.
588 |aLatest issue consulted: 12/2021.
650 0|aNavigation|zBritish Columbia|zChatham Sound|vPeriodicals.
650 0|aNavigation|zBritish Columbia|zQueen Charlotte Sound|vPeriodicals.
655 7|aPeriodicals|2lcgft
7102 |aCanadian Hydrographic Service, |eissuing body.
78000|tSailing directions. |w(CaOODSP)9.909543